Поведение золота при околожильном метасоматозе горных пород некоторых золоторудных месторождений Сибири; Геохимия; № 6

Dades bibliogràfiques
Parent link:Геохимия: ежемесячный журнал/ Российская академия наук (РАН).— , 1956-.— 0016-7525
№ 6.— 1974.— С. 831-844
Autor principal: Коробейников А. Ф. Александр Феопенович
Idioma:rus
Publicat: 1974
Matèries:
Format: MixedMaterials Capítol de llibre
KOHA link:https://koha.lib.tpu.ru/cgi-bin/koha/opac-detail.pl?biblionumber=410428

MARC

LEADER 00000naa2a2200000 4500
001 410428
005 20231101071324.0
035 |a (RuTPU)RU\TPU\prd\64374 
090 |a 410428 
100 |a 20090323a1974 k y0rusy50 ca 
101 0 |a rus 
102 |a RU 
200 1 |a Поведение золота при околожильном метасоматозе горных пород некоторых золоторудных месторождений Сибири  |f А. Ф. Коробейников 
461 0 |0 (RuTPU)RU\TPU\prd\1425  |x 0016-7525  |t Геохимия  |o ежемесячный журнал  |f Российская академия наук (РАН)  |d 1956- 
463 0 |0 (RuTPU)RU\TPU\prd\62542  |t № 6  |v С. 831-844  |d 1974 
610 1 |a труды учёных ТПУ 
700 1 |a Коробейников  |b А. Ф.  |c российский геолог, доктор геолого-минералогических наук  |c профессор Томского политехнического университета  |f 1934-  |g Александр Феопенович  |2 stltpush  |3 (RuTPU)RU\TPU\pers\12688  |4 070 
801 1 |a RU  |b 63413507  |c 20090323  |g PSBO 
801 2 |a RU  |b 63413507  |c 20091211  |g RCR 
942 |c BK